000 01616nam a2200397Ia 4500
001 ebr10057304
003 CaPaEBR
006 m u
007 cr cn|||||||||
008 930715s1994 enk sb 001 0 eng d
010 _z 93028752
015 _aGB94-47740
020 _z0203215605
020 _z0415050499
040 _aCaPaEBR
_cCaPaEBR
035 _a(OCoLC)179164106
050 1 4 _aPR418.W65
_bH87 1994eb
100 1 _aHutson, Lorna.
245 1 4 _aThe usurer's daughter
_h[electronic resource] :
_bmale friendship and fictions of women in sixteenth-century England /
_cLorna Hutson.
260 _aLondon ;
_aNew York :
_bRoutledge,
_c1994.
300 _ax, 295 p.
504 _aIncludes bibliographical references (p. 274-288) and index.
533 _aElectronic reproduction.
_bPalo Alto, Calif. :
_cebrary,
_d2009.
_nAvailable via World Wide Web.
_nAccess may be limited to ebrary affiliated libraries.
600 1 0 _aShakespeare, William,
_d1564-1616
_xCharacters
_xWomen.
650 0 _aEnglish literature
_yEarly modern, 1500-1700
_xHistory and criticism.
650 0 _aWomen and literature
_zGreat Britain
_xHistory
_y16th century.
650 0 _aEnglish literature
_xClassical influences.
650 0 _aMasculinity in literature.
650 0 _aFriendship in literature.
650 0 _aSex role in literature.
650 0 _aHumanists
_zEngland.
650 0 _aMen in literature.
655 7 _aElectronic books.
_2local
710 2 _aebrary, Inc.
856 4 0 _uhttp://site.ebrary.com/lib/rucke/Doc?id=10057304
_zAn electronic book accessible through the World Wide Web; click to view
999 _c71581
_d71581